Rentjana pendahuluan untuk kota Djakarta. (Record no. 66099)

MARC details
000 -LEADER
fixed length control field 00961cam a22002651i 4500
001 - CONTROL NUMBER
control field sa 65009244
003 - CONTROL NUMBER IDENTIFIER
control field DLC
005 - DATE AND TIME OF LATEST TRANSACTION
control field 20260227112200.0
008 - FIXED-LENGTH DATA ELEMENTS--GENERAL INFORMATION
fixed length control field 801125s1962 io ab l000 0 ind
010 ## - LIBRARY OF CONGRESS CONTROL NUMBER
LC control number sa 65009244
025 ## - OVERSEAS ACQUISITION NUMBER
Overseas acquisition number PL480: Indo-1927
035 ## - SYSTEM CONTROL NUMBER
System control number (OCoLC)6973638
040 ## - CATALOGING SOURCE
Original cataloging agency DLC
Transcribing agency NIC
Modifying agency NIC
-- DLC
041 0# - LANGUAGE CODE
Language code of text/sound track or separate title indeng
050 00 - LIBRARY OF CONGRESS CALL NUMBER
Classification number HN710.D52
Item number A57
110 1# - MAIN ENTRY--CORPORATE NAME
Corporate name or jurisdiction name as entry element Indonesia.
Subordinate unit Djawatan Pekerdjaan Umum.
245 10 - TITLE STATEMENT
Title Rentjana pendahuluan untuk kota Djakarta.
Statement of responsibility, etc. Rentjana ini diselesaikan oleh Kenneth Watts, dari United Nations Technical Assistance Administration dengan kerdja sama R. S. Danunagoro, dan L. O'Brien.
250 ## - EDITION STATEMENT
Edition statement Tjet. 3.
260 ## - PUBLICATION, DISTRIBUTION, ETC.
Place of publication, distribution, etc. [Djakarta]
Date of publication, distribution, etc. 1962.
300 ## - PHYSICAL DESCRIPTION
Extent vi, 36 p.
Other physical details illus., maps (3 fold. in pocket)
Dimensions 28 cm.
500 ## - GENERAL NOTE
General note At head of title : Pemerintah daerah chusus ibukota Djakarta Raya.
500 ## - GENERAL NOTE
General note Indonesian and English.
650 #0 - SUBJECT ADDED ENTRY--TOPICAL TERM
Topical term or geographic name entry element City planning
Geographic subdivision Indonesia
-- Jakarta.
700 1# - ADDED ENTRY--PERSONAL NAME
Personal name Watts, Kenneth.

No items available.

Powered by Koha